=LDR 00000nam 2200000 4500 =001 NUTBA000000000000789 =005 20140402093955.0 =006 =007 =008 =020 ##$$a978-979-222-7169-0 =035 ##$$a 0010-041400000000059 =082 ##$$a153.8 =100 ##$$aNIKOLAU, HINGDRANATA =245 ##$$aCOFFE FOR THE MIND =260 ##$$a JAKARTA $b GRAMEDIA P.UTAMA $c 2011 =300 ##$$a 136 HLM =440 ##$$aCOFFE FOR THE MIND =700 ##$$aNIKOLAU, HINGDRANATA =990 ##$$a 92408/BPAP-NTB/2014